| 000 | 00583nam a2200193Ia 4500 | ||
|---|---|---|---|
| 005 | 20260429112212.0 | ||
| 008 | 260429s9999||||xx |||||||||||||| ||und|| | ||
| 020 | _a9781108987165 | ||
| 041 | _aEnglish | ||
| 082 |
_a332 _bBOD |
||
| 100 | _aBodie, Zvi,Merton, Robert C.,Thakor, Richard T. | ||
| 245 | 0 |
_aPrinciples of finance / _cRichard T. Thakor Robert C. Merton Zvi Bodie |
|
| 260 |
_aCambridge : _bCambridge University Press, _c2025. |
||
| 300 | _axxiii, 742 p.; pbk | ||
| 650 | _a Business studies | ||
| 650 | _a Financial management | ||
| 650 | _aFinance | ||
| 942 | _cTB | ||
| 999 |
_c52873 _d52873 |
||